<?xml version="1.0" encoding="UTF-8"?>
<record
    xmlns:xsi="http://www.w3.org/2001/XMLSchema-instance"
    xsi:schemaLocation="http://www.loc.gov/MARC21/slim http://www.loc.gov/standards/marcxml/schema/MARC21slim.xsd"
    xmlns="http://www.loc.gov/MARC21/slim">

  <leader>01057    a2200169   4500</leader>
  <controlfield tag="003">NUST</controlfield>
  <controlfield tag="005">20230120182512.0</controlfield>
  <datafield tag="040" ind1=" " ind2=" ">
    <subfield code="c">Nust</subfield>
  </datafield>
  <datafield tag="082" ind1=" " ind2=" ">
    <subfield code="a">747.3,CAB</subfield>
  </datafield>
  <datafield tag="100" ind1=" " ind2=" ">
    <subfield code="a">Bros, Evans</subfield>
    <subfield code="9">107301</subfield>
  </datafield>
  <datafield tag="245" ind1=" " ind2=" ">
    <subfield code="a">Cabinet construction:</subfield>
    <subfield code="b">the woodworker Series /</subfield>
  </datafield>
  <datafield tag="260" ind1=" " ind2=" ">
    <subfield code="a">London</subfield>
    <subfield code="b">Evans Brothers , Limited</subfield>
    <subfield code="c">1963</subfield>
  </datafield>
  <datafield tag="300" ind1=" " ind2=" ">
    <subfield code="a">216 p,;</subfield>
  </datafield>
  <datafield tag="505" ind1=" " ind2=" ">
    <subfield code="a">Joints in Carcase Work (Page-1), Cabinet and Table Tops (Page-24), Table and Chair Legs (Page-31), Cabinet Doors (Page-45), Barred Doors and Leaded Lights (Page-59), How to make Drawers (Page-66), Drawer Ralls and Runners (Page-78), How To Fit Cornices and Cappings (Page-85), Shapings in Cabinet Work (Page-99), Facing, Lining, and Lipping (Page-110), Rule Joint for Drop Leaves (Page-117), Inlaid Strings and Bandings (Page-124), Metal Fittings on Furniture (Page-137), Cabinet Backs and Back Framing (Page-149), Setting-out Boards (Page-167), Veneering (Page-171), Examples of Period Furniture and Metal Work-Twenty-Four Plates (Page-189).</subfield>
  </datafield>
  <datafield tag="650" ind1=" " ind2=" ">
    <subfield code="a">Woodworker</subfield>
    <subfield code="9">107302</subfield>
  </datafield>
  <datafield tag="942" ind1=" " ind2=" ">
    <subfield code="2">ddc</subfield>
    <subfield code="c">BK</subfield>
    <subfield code="k">747.3,CAB</subfield>
  </datafield>
  <datafield tag="999" ind1=" " ind2=" ">
    <subfield code="c">190869</subfield>
    <subfield code="d">190869</subfield>
  </datafield>
  <datafield tag="952" ind1=" " ind2=" ">
    <subfield code="0">0</subfield>
    <subfield code="1">0</subfield>
    <subfield code="2">ddc</subfield>
    <subfield code="4">0</subfield>
    <subfield code="7">0</subfield>
    <subfield code="a">MCS</subfield>
    <subfield code="b">MCS</subfield>
    <subfield code="c">GEN</subfield>
    <subfield code="d">2016-12-12</subfield>
    <subfield code="o">747.3,CAB</subfield>
    <subfield code="p">MCS30188</subfield>
    <subfield code="r">2016-12-08</subfield>
    <subfield code="w">2016-12-12</subfield>
    <subfield code="y">BK</subfield>
    <subfield code="z">Almirah No.55, Shelf No.6</subfield>
  </datafield>
</record>
